KOHA-Header-6

Programming the Internet With Java (Record no. 7451)

000 -LEADER
fixed length control field 00267nam a2200109Ia 4500
100 ## - MAIN ENTRY--AUTHOR NAME
Personal name Ince,Darrel
245 #0 - TITLE STATEMENT
Title Programming the Internet With Java
260 ## - PUBLICATION, DISTRIBUTION, ETC. (IMPRINT)
Place of publication England
Name of publisher McGraw-Hill
Year of publication 1999
300 ## - PHYSICAL DESCRIPTION
Number of Pages 387
942 ## - ADDED ENTRY ELEMENTS (KOHA)
Koha item type Books
Holdings
Withdrawn status Lost status Collection code Permanent Location Current Location Shelving location Date acquired Full call number Accession Number Koha item type
    Computer Science MAJU MAJU Shelf No.A32 2019-09-12 005.133 1321 Computer Science

Powered by Koha